| 000 | 01436nam a2200373Ia 4500 | ||
|---|---|---|---|
| 001 | ebr10159575 | ||
| 003 | CaPaEBR | ||
| 006 | m u | ||
| 007 | cr cn||||||||| | ||
| 008 | 951201s1996 mnu sb s001 0 eng d | ||
| 010 | _z 95026623 | ||
| 020 | _z9780816626953 | ||
| 020 | _z0816626944 | ||
| 020 | _z0816626952 (pbk.) | ||
| 040 |
_aCaPaEBR _cCaPaEBR |
||
| 035 | _a(OCoLC)191953077 | ||
| 050 | 1 | 4 |
_aDC34 _b.I34 1996eb |
| 082 | 0 | 4 |
_a944.08 _220 |
| 245 | 0 | 0 |
_aIdentity papers _h[electronic resource] : _bcontested nationhood in twentieth-century France / _cSteven Ungar and Tom Conley, editors. |
| 260 |
_aMinneapolis, Minn. : _bUniversity of Minnesota Press, _cc1996. |
||
| 300 | _aix, 299 p. | ||
| 504 | _aIncludes bibliograpphical references and index. | ||
| 533 |
_aElectronic reproduction. _bPalo Alto, Calif. : _cebrary, _d2009. _nAvailable via World Wide Web. _nAccess may be limited to ebrary affiliated libraries. |
||
| 650 | 0 | _aNational characteristics, French. | |
| 650 | 0 |
_aMulticulturalism _zFrance. |
|
| 650 | 0 | _aNationalism in literature. | |
| 650 | 0 |
_aEthnicity _zFrance. |
|
| 651 | 0 |
_aFrance _xCivilization _y20th century. |
|
| 655 | 7 |
_aElectronic books. _2local |
|
| 700 | 1 |
_aUngar, Steven, _d1945- |
|
| 700 | 1 | _aConley, Tom. | |
| 710 | 2 | _aebrary, Inc. | |
| 856 | 4 | 0 |
_uhttp://site.ebrary.com/lib/rucke/Doc?id=10159575 _zAn electronic book accessible through the World Wide Web; click to view |
| 999 |
_c244848 _d244848 |
||